Währungen der Welt - Statistiken

Allgemein
  • Dieses Quiz wurde 948 mal gespielt
  • Das Durchschnittsergebnis liegt bei 11 aus 30
Antwortstatistiken
Land Währung % Korrekt
Österreich Euro
94%
Schweden Krone
94%
Vereinigte Staaten Dollar
91%
Deutschland Euro
91%
Griechenland Euro
90%
Belgien Euro
89%
Frankreich Euro
88%
Portugal Euro
88%
Vatikanstadt Euro
88%
Spanien Euro
87%
Niederlande Euro
85%
Luxemburg Euro
84%
Schweiz Franken
84%
Argentinien Peso
82%
Slowakei Euro
81%
Vereinigtes Königreich Pfund
80%
Italien Euro
79%
San Marino Euro
79%
Norwegen Krone
79%
Irland Euro
78%
Malta Euro
77%
Japan Yen
76%
Slowenien Euro
75%
Kanada Dollar
74%
Finnland Euro
74%
Neuseeland Dollar
73%
Lettland Euro
73%
Australien Dollar
72%
Monaco Euro
72%
Litauen Euro
71%
Andorra Euro
71%
Estland Euro
70%
Tschechien Krone
69%
Dänemark Krone
67%
Mexiko Peso
67%
Zypern Euro
63%
Belarus Rubel
62%
Polen Złoty
62%
Türkei Lira
61%
Russland Rubel
60%
Fidschi Dollar
59%
St. Lucia Dollar
58%
Jamaika Dollar
53%
Chile Peso
53%
Ungarn Forint
52%
Trinidad und Tobago Dollar
50%
Island Krone
50%
St. Kitts und Nevis Dollar
49%
Kolumbien Peso
49%
Grenada Dollar
48%
Montenegro Euro
46%
Bahamas Dollar
45%
Kosovo Euro
45%
Indien Rupie
45%
Kroatien Kuna
44%
Thailand Baht
43%
Palau Dollar
43%
Barbados Dollar
43%
Mikronesien Dollar
42%
Israel Schekel
42%
Nordkorea Won
42%
Marshallinseln Dollar
41%
Liechtenstein Franken
41%
Südkorea Won
41%
Rumänien Leu
40%
Singapur Dollar
39%
Serbien Dinar
38%
Belize Dollar
38%
St. Vincent und die Grenadinen Dollar
38%
Uruguay Peso
38%
Pakistan Rupie
37%
Bahrain Dinar
35%
Kuba Peso
34%
Irak Dinar
33%
Kiribati Dollar
32%
Niger Franc
32%
Ecuador Dollar
31%
Tuvalu Dollar
30%
Osttimor Dollar
29%
Dominica Dollar
29%
Demokratische Republik Kongo Franc
29%
Albanien Lek
29%
El Salvador Dollar
28%
Elfenbeinküste Franc
28%
Ägypten Pfund
28%
Südafrika Rand
28%
Brasilien Real
28%
Bulgarien Lew
27%
Suriname Dollar
26%
Benin Franc
26%
Bosnien und Herzegowina Mark
26%
Sri Lanka Rupie
26%
Tansania Schilling
26%
Moldau Leu
25%
Oman Rial
25%
Nauru Dollar
24%
VAE Dirham
23%
Guyana Dollar
23%
Tschad Franc
23%
Salomonen Dollar
22%
Afghanistan Afghani
21%
Nordmazedonien Denar
21%
Antigua und Barbuda Dollar
21%
Zentralafrikanische Republik Franc
21%
Sierra Leone Leone
21%
Dominikanische Republik Peso
21%
Uganda Schilling
21%
Namibia Dollar
20%
Taiwan Dollar
20%
Gabun Franc
20%
Philippinen Peso
20%
Indonesien Rupiah
20%
Costa Rica Colón
19%
Algerien Dinar
19%
Libyen Dinar
19%
Burkina Faso Franc
19%
Mali Franc
19%
Paraguay Guaraní
19%
China Yuan
19%
Marokko Dirham
18%
Brunei Dollar
18%
Republik Kongo Franc
18%
Kenia Schilling
18%
Äthiopien Birr
17%
Komoren Franc
17%
Togo Franc
17%
Vanuatu Vatu
17%
Liberia Dollar
16%
Ruanda Franc
16%
Botswana Pula
16%
Kap Verde Escudo
15%
Bangladesch Taka
15%
Venezuela Bolívar
14%
Jordanien Dinar
14%
Kuwait Dinar
14%
Tunesien Dinar
14%
São Tomé und Príncipe Neuer Dobra
14%
Sudan Pfund
14%
Ghana Cedi
13%
Burundi Franc
13%
Äquatorialguinea Franc
13%
Kamerun Franc
13%
Georgien Lari
13%
Peru Nuevo Sol
13%
Mauritius Rupie
13%
Tadschikistan Somoni
13%
Senegal Franc
12%
Mosambik Metical
12%
Guinea-Bissau Franc
11%
Laos Kip
11%
Eswatini Lilangeni
11%
Libanon Pfund
11%
Seychellen Rupie
11%
Madagaskar Ariary
10%
Panama Balboa
10%
Bolivien Boliviano
10%
Armenien Dram
10%
Guinea Franc
10%
Turkmenistan Manat
10%
Nigeria Naira
10%
Südsudan Pfund
10%
Malediven Rufiyaa
10%
Nepal Rupie
10%
Simbabwe Dollar
9%
Malawi Kwacha
9%
Angola Kwanza
9%
Jemen Rial
9%
Katar Riyal
9%
Kasachstan Tenge
9%
Syrien Lira
8%
Lesotho Loti
8%
Guatemala Quetzal
8%
Somalia Schilling
8%
Sambia Kwacha
7%
Saudi-Arabien Riyal
7%
Kirgisistan Som
7%
Samoa Tala
7%
El Salvador Colón
6%
Dschibuti Franc
6%
Papua-Neuguinea Kina
6%
Myanmar Kyat
6%
Honduras Lempira
6%
Bhutan Ngultrum
6%
Iran Rial
6%
Kambodscha Riel
6%
Mongolei Tögrög
5%
Gambia Dalasi
4%
Aserbaidschan Manat
3%
Eritrea Nakfa
3%
Tonga Paʻanga
3%
Malaysia Ringgit
3%
Usbekistan Soʻm
3%
Haiti Gourde
2%
Nicaragua Córdoba Oro
0%
Vietnam Đồng
0%
Ukraine Hrywnja
0%
Mauretanien Ouguiya
0%
Keine übereinstimmenden Quizze gefunden
Verteilung der Resultate
Anzahl Personen mit jedem Resultat
Perzentil nach korrekt beantworteten Fragen
Ihre Resultats-Entwicklung
Sie haben dieses Quiz noch nicht gespielt